Normal view
MARC view
Entry Personal Name
001 - CONTROL NUMBER
- control field: 755
003 - CONTROL NUMBER IDENTIFIER
- control field: BD-RjUL
005 - DATE AND TIME OF LATEST TRANSACTION
- control field: 20220116152610.0
008 - FIXED-LENGTH DATA ELEMENTS
- fixed length control field: 220116|| aca||aabn | a|a d
040 ## - CATALOGING SOURCE
- Original cataloging agency: BD-RjUL
- Transcribing agency: BD-RjUL
100 ## - HEADING--PERSONAL NAME
- Personal name: الأصفهاني, عبد الرحمن بن أحمد الجامي. ;; Al-Asfahani, Abdul Rahman bin Ahmed Al-Jami
670 ## - SOURCE DATA FOUND
- Source citation: Work cat.: (BD-RjUL)79189: الأصفهاني, عبد الرحمن بن أحمد الجامي. ;; Al-Asfahani, Abdul Rahman bin Ahmed Al-Jami. , الفوائد الضيائية شرح الجامي على الكافية ;; alfawayid aldiyayiyat sharh aljami ealaa alkafia /